000 00412nam a22001457a 4500
005 20170828104654.0
020 _a812420215X
_c00.00
035 _aB-055324
037 _aDPL
_bENG
100 _aSarkar, Manoj Kumar
245 _aManagerial economics /
_cby Manoj Kumar Sarkar
260 _aNew Delhi
_bCrest Publishing House
_c2000
300 _a154p.
_c20 cms.
942 _2ddc
_cEN
_h330.068
_mSAR
999 _c66225
_d66225